Cono Sur

Uloženo v:
Podrobná bibliografie
Médium: Text
Vydáno: México: IFE. FCE
Témata:
Tagy: Přidat tag
Žádné tagy, Buďte první, kdo vytvoří štítek k tomuto záznamu!

MARC

LEADER 00000 a a2200000 04500
001 30485
003
040 |a CRAI/IIS  |c CRAI/IIS 
090 |a 195202  
245 |a Cono Sur  
260 |a México:   |b IFE. FCE  
300 |a 624 p.; vol. 1  
650 |a PARTIDOS POLITICOS  
650 |a HISTORIA POLITICA  
650 |a ESTRUCTURA ORGANIZACIONAL  
650 |a IDEOLOGIAS POLITICAS  
650 |a FINANCIAMIENTO  
650 |a PODER POLITICO  
650 |a POPULISMO  
650 |a DICTADURA  
650 |a LIDERAZGO POLITICO  
650 |a ELECCIONES  
650 |a IDEOLOGIAS POLITICAS  
650 |a ELECCIONES  
999 |c 12664  |d 12664